书目信息 |
| 题名: |
数学模型
|
|
| 作者: | 郑煜 , 温广玉 主编 | |
| 分册: | ||
| 出版信息: | 哈尔滨 东北林业大学出版社 2006.06 |
|
| 页数: | 210页 | |
| 开本: | 23cm | |
| 丛书名: | ||
| 单 册: | ||
| 中图分类: | O141.4 | |
| 科图分类: | ||
| 主题词: | 数学模型--shu xue mo xing | |
| 电子资源: | ||
| ISBN: | 7-81076-878-6 | |
| 000 | 00779nam0 2200241 450 | |
| 001 | 012007342937 | |
| 005 | 20071010104849.89 | |
| 010 | @a7-81076-878-6@dCNY23.00 | |
| 100 | @a20070524d2006 km y0chiy0120 ea | |
| 101 | 0 | @achi |
| 102 | @aCN@b230000 | |
| 105 | @ay a 000yy | |
| 200 | 1 | @a数学模型@Ashu xue mo xing@f郑煜, 温广玉主编@Fzheng yu,wen guang yu zhu bian |
| 210 | @a哈尔滨@c东北林业大学出版社@d2006.06 | |
| 215 | @a210页@d23cm | |
| 320 | @a有书目 (第210页)。 | |
| 330 | @a本书共分7部分,介绍了数学模型概述、初等模型、最优化模型、微分方程模型、稳定性模型、数学规划模型等。 | |
| 606 | 0 | @a数学模型@Ashu xue mo xing |
| 690 | @aO141.4@v4 | |
| 701 | 0 | @a郑煜@Azheng yu@4主编 |
| 701 | 0 | @a温广玉@Awen guang yu@4主编 |
| 801 | 0 | @aCN@c20071010 |
| 905 | @dO141.4@eZ459 | |
| 数学模型/郑煜, 温广玉主编.-哈尔滨:东北林业大学出版社,2006.06 |
| 210页;23cm |
| ISBN 7-81076-878-6:CNY23.00 |
| 本书共分7部分,介绍了数学模型概述、初等模型、最优化模型、微分方程模型、稳定性模型、数学规划模型等。 |
| ● |
| 相关链接 |
|
|
|
正题名:数学模型
索取号:O141.4/Z459
 
预约/预借
| 序号 | 登录号 | 条形码 | 馆藏地/架位号 | 状态 | 备注 |
| 1 | 243156 | 202431564 | 自科库401/401自科库 40排3列5层/ [索取号:O141.4/Z459] | 在馆 | |
| 2 | 243157 | 202431573 | 社科二线400B/400B社科库 32排4列2层/ [索取号:O141.4/Z459] | 在馆 | |
| 3 | 243158 | 202431582 | 自科库401/401自科库 40排3列5层/ [索取号:O141.4/Z459] | 在馆 |